Normal view
MARC view
- Stuart Summerhayes
Entry Personal Name
001 - CONTROL NUMBER
- control field: 24876
003 - CONTROL NUMBER IDENTIFIER
- control field: NUST
005 - DATE AND TIME OF LATEST TRANSACTION
- control field: 20191028134303.0
008 - FIXED-LENGTH DATA ELEMENTS
- fixed length control field: 191028|| aca||aabn | a|a d
040 ## - CATALOGING SOURCE
- Original cataloging agency: NUST
- Transcribing agency: NUST
100 ## - HEADING--PERSONAL NAME
- Personal name: Stuart Summerhayes
670 ## - SOURCE DATA FOUND
- Source citation: Work cat.: (NUST): Stuart Summerhayes, Design Risk Management: Contribution to Health and Safety, 2010
